| 000 | 00667nam a2200217 4500 | ||
|---|---|---|---|
| 003 | OSt | ||
| 005 | 20260423041920.0 | ||
| 006 | a | ||
| 008 | 240717b |||||||| |||| 00| 0 eng d | ||
| 020 | _a9780971576636 | ||
| 040 |
_aDWCL-Main lib. _cOC |
||
| 082 | _aCirc. 515 H876v 2007 | ||
| 100 | _aHubbard, Barbara Burke | ||
| 245 | _aVector calculus, linear algebra, and differential forms : a unified approach / | ||
| 260 |
_aN. Y. : _bMatrix Editions, _cc2007. |
||
| 300 |
_axiv, _b802p. : ill. ; _c26 cm. |
||
| 504 | _aIncludes bibliographical references & index. | ||
| 650 | _a1. Calculus. | ||
| 650 | _a2. Linear algebra. | ||
| 942 |
_2ddc _n0 _cBK-CIRC _kCirc. |
||
| 999 |
_c2336 _d2336 |
||